5HLuxD.jpg

KING HENRY VIII SENIOR AND PRIMARY SCHOOL LIBRARY OPAC

Romeo and Juliet / (Record no. 3456)

000 -LEADER
fixed length control field 01775cam a2200457Ma 4500
001 - CONTROL NUMBER
control field .b25932214
003 - CONTROL NUMBER IDENTIFIER
control field OCoLC
005 - DATE AND TIME OF LATEST TRANSACTION
control field 20240122102944.0
008 - FIXED-LENGTH DATA ELEMENTS--GENERAL INFORMATION
fixed length control field 161125s2011 enka 000 d eng d
020 ## - INTERNATIONAL STANDARD BOOK NUMBER
International Standard Book Number 9780007902361
Qualifying information (pbk.)
020 ## - INTERNATIONAL STANDARD BOOK NUMBER
International Standard Book Number 0007902360
Qualifying information (paperback)
035 ## - SYSTEM CONTROL NUMBER
System control number (OCoLC)812062202
040 ## - CATALOGING SOURCE
Original cataloging agency UKMGB
Language of cataloging eng
Transcribing agency UKMGB
Modifying agency OCLCO
-- OCLCF
-- OCLCO
-- OCLCQ
-- RDI
-- KH8
042 ## - AUTHENTICATION CODE
Authentication code nbic
043 ## - GEOGRAPHIC AREA CODE
Geographic area code e-it---
082 04 - DEWEY DECIMAL CLASSIFICATION NUMBER
Classification number 822.33 SHA
Edition number 23
100 1# - MAIN ENTRY--PERSONAL NAME
Personal name Shakespeare, William,
Dates associated with a name 1564-1616,
Relator term author.
245 10 - TITLE STATEMENT
Title Romeo and Juliet /
Statement of responsibility, etc. William Shakespeare ; general editor: R.B. Kennedy ; additional notes and editing Mike Gould.
250 ## - EDITION STATEMENT
Edition statement Harper Press paperback edition.
260 ## - PUBLICATION, DISTRIBUTION, ETC.
Place of publication, distribution, etc. London :
Name of publisher, distributor, etc. Harper Press,
Date of publication, distribution, etc. 2011.
300 ## - PHYSICAL DESCRIPTION
Extent xx, 300 pages :
Other physical details 1 illustration (black and white) ;
Dimensions 18 cm.
336 ## - CONTENT TYPE
Content type term text
Content type code txt
Source rdacontent.
337 ## - MEDIA TYPE
Media type term unmediated
Media type code n
Source rdamedia.
338 ## - CARRIER TYPE
Carrier type term volume
Carrier type code nc
Source rdacarrier.
490 0# - SERIES STATEMENT
Series statement Collins classics.
490 0# - SERIES STATEMENT
Series statement The Alexander Shakespeare.
600 10 - SUBJECT ADDED ENTRY--PERSONAL NAME
Personal name Shakespeare, William,
Dates associated with a name 1564-1616.
Title of a work Romeo and Juliet.
630 07 - SUBJECT ADDED ENTRY--UNIFORM TITLE
Uniform title Romeo and Juliet (Shakespeare, William)
Source of heading or term fast
Authority record control number or standard number (OCoLC)fst01356193.
650 #0 - SUBJECT ADDED ENTRY--TOPICAL TERM
Topical term or geographic name entry element Romeo (Fictitious character)
Form subdivision Drama.
650 #0 - SUBJECT ADDED ENTRY--TOPICAL TERM
Topical term or geographic name entry element Juliet (Fictitious character)
Form subdivision Drama.
650 #0 - SUBJECT ADDED ENTRY--TOPICAL TERM
Topical term or geographic name entry element Vendetta
Geographic subdivision Italy
-- Verona
Form subdivision Drama.
650 #7 - SUBJECT ADDED ENTRY--TOPICAL TERM
Topical term or geographic name entry element Juliet (Fictitious character)
Source of heading or term fast
Authority record control number or standard number (OCoLC)fst00984804.
650 #7 - SUBJECT ADDED ENTRY--TOPICAL TERM
Topical term or geographic name entry element Romeo (Fictitious character)
Source of heading or term fast
Authority record control number or standard number (OCoLC)fst01100152.
650 #7 - SUBJECT ADDED ENTRY--TOPICAL TERM
Topical term or geographic name entry element Vendetta.
Source of heading or term fast
Authority record control number or standard number (OCoLC)fst01165132.
651 #0 - SUBJECT ADDED ENTRY--GEOGRAPHIC NAME
Geographic name Verona (Italy)
Form subdivision Drama.
651 #7 - SUBJECT ADDED ENTRY--GEOGRAPHIC NAME
Geographic name Italy
Geographic subdivision Verona.
Source of heading or term fast
Authority record control number or standard number (OCoLC)fst01204568.
655 #7 - INDEX TERM--GENRE/FORM
Genre/form data or focus term Drama.
Source of term fast
Authority record control number or standard number (OCoLC)fst01423879.
700 1# - ADDED ENTRY--PERSONAL NAME
Personal name Kennedy, R. B,
Relator term editor.
700 1# - ADDED ENTRY--PERSONAL NAME
Personal name Gould, Mike,
Relator term writer of added commentary,
-- editor.
942 ## - ADDED ENTRY ELEMENTS (KOHA)
Source of classification or shelving scheme
Koha item type Teaching Resources
Holdings
Withdrawn status Lost status Source of classification or shelving scheme Damaged status Not for loan Collection code Permanent Location Current Location Shelving location Date acquired Total Checkouts Full call number Barcode Date due Date last seen Date last checked out Price effective from Koha item type
          Teaching Resources KH8 Senior School Library KH8 Senior School Library Staff Office 2024-01-22 2 822.33 SHA CSKHSL000121 2026-07-03 2026-01-06 2026-01-06 2024-01-22 Teaching Resources
          Teaching Resources KH8 Senior School Library KH8 Senior School Library Staff Office 2024-01-22 2 822.33 SHA CSKHSL000122 2026-07-03 2026-01-06 2026-01-06 2024-01-22 Teaching Resources
          Teaching Resources KH8 Senior School Library KH8 Senior School Library Staff Office 2024-01-22 2 822.33 SHA CSKHSL000123 2026-07-03 2026-01-06 2026-01-06 2024-01-22 Teaching Resources
          Teaching Resources KH8 Senior School Library KH8 Senior School Library Staff Office 2024-01-22 2 822.33 SHA CSKHSL000124 2026-07-03 2026-01-06 2026-01-06 2024-01-22 Teaching Resources
          Teaching Resources KH8 Senior School Library KH8 Senior School Library Staff Office 2024-01-22 2 822.33 SHA CSKHSL000125 2026-07-03 2026-01-06 2026-01-06 2024-01-22 Teaching Resources
          Teaching Resources KH8 Senior School Library KH8 Senior School Library Staff Office 2024-01-22 2 822.33 SHA CSKHSL000126 2026-07-03 2026-01-06 2026-01-06 2024-01-22 Teaching Resources
          Teaching Resources KH8 Senior School Library KH8 Senior School Library Staff Office 2024-01-22 2 822.33 SHA CSKHSL000127 2026-07-03 2026-01-06 2026-01-06 2024-01-22 Teaching Resources
          Teaching Resources KH8 Senior School Library KH8 Senior School Library Staff Office 2024-01-22 2 822.33 SHA CSKHSL000128 2026-07-03 2026-01-06 2026-01-06 2024-01-22 Teaching Resources
          Teaching Resources KH8 Senior School Library KH8 Senior School Library Staff Office 2024-01-22 2 822.33 SHA CSKHSL000129 2026-07-03 2026-01-06 2026-01-06 2024-01-22 Teaching Resources
          Teaching Resources KH8 Senior School Library KH8 Senior School Library Staff Office 2024-01-22 2 822.33 SHA CSKHSL000130 2026-07-03 2026-01-06 2026-01-06 2024-01-22 Teaching Resources
          Teaching Resources KH8 Senior School Library KH8 Senior School Library Staff Office 2024-01-22 2 822.33 SHA CSKHSL000131 2026-07-03 2026-01-06 2026-01-06 2024-01-22 Teaching Resources
          Teaching Resources KH8 Senior School Library KH8 Senior School Library Staff Office 2024-01-22 2 822.33 SHA CSKHSL000132 2026-07-03 2026-01-06 2026-01-06 2024-01-22 Teaching Resources
          Teaching Resources KH8 Senior School Library KH8 Senior School Library Staff Office 2024-01-22 2 822.33 SHA CSKHSL000133 2026-07-03 2026-01-06 2026-01-06 2024-01-22 Teaching Resources
          Teaching Resources KH8 Senior School Library KH8 Senior School Library Staff Office 2024-01-22 2 822.33 SHA CSKHSL000134 2026-07-03 2026-01-06 2026-01-06 2024-01-22 Teaching Resources
          Teaching Resources KH8 Senior School Library KH8 Senior School Library Staff Office 2024-01-22 2 822.33 SHA CSKHSL000135 2026-07-03 2026-01-06 2026-01-06 2024-01-22 Teaching Resources
          Teaching Resources KH8 Senior School Library KH8 Senior School Library Staff Office 2024-01-22 2 822.33 SHA CSKHSL000136 2026-07-03 2026-01-06 2026-01-06 2024-01-22 Teaching Resources
          Teaching Resources KH8 Senior School Library KH8 Senior School Library Staff Office 2024-01-22 2 822.33 SHA CSKHSL000137 2026-07-03 2026-01-06 2026-01-06 2024-01-22 Teaching Resources
          Teaching Resources KH8 Senior School Library KH8 Senior School Library Staff Office 2024-01-22 2 822.33 SHA CSKHSL000138 2026-07-03 2026-01-06 2026-01-06 2024-01-22 Teaching Resources
          Teaching Resources KH8 Senior School Library KH8 Senior School Library Staff Office 2024-01-22 2 822.33 SHA CSKHSL000139 2026-07-03 2026-01-06 2026-01-06 2024-01-22 Teaching Resources
          Teaching Resources KH8 Senior School Library KH8 Senior School Library Staff Office 2024-03-11 2 822.33 SHA CSKHSL000195 2026-07-03 2026-01-06 2026-01-06 2024-03-11 Teaching Resources

Powered By KH8 IT Dept